000 00676nam a22002777a 4500
003 OSt
005 20140310182942.0
008 130204t xxu||||| |||| 00| 0 eng d
020 _a9789715536394
050 _aHD 58.8
_b.Y68 2006
100 _aYoung, Felina C.
245 _aOrganization development made simple /
_cFelina C. Young.
260 _aQuezon City :
_bAbiva Pub. House,
_c2006.
300 _a260 p. :
_bill. ;
_c26 cm.
521 _aBSBA
562 _e8
942 _2lcc
_cBK
_kLOC
999 _c17744
_d17744